Workshol Technology P-II (Record no. 295300)

000 -LEADER
fixed length control field 00285 a2200133 4500
001 - CONTROL NUMBER
control field 60227
082 ## - DEWEY DECIMAL CLASSIFICATION NUMBER
Classification number 621.75 CHA
090 ## - LOCALLY ASSIGNED LC-TYPE CALL NUMBER (OCLC); LOCAL CALL NUMBER (RLIN)
-- 36967
-- 36967
100 ## - MAIN ENTRY--PERSONAL NAME
Personal name Chapman W.A .j
245 ## - TITLE STATEMENT
Title Workshol Technology P-II
250 ## - EDITION STATEMENT
Edition statement 4 th
260 ## - PUBLICATION, DISTRIBUTION, ETC.
Name of publisher, distributor, etc. Edward Arnold
Date of publication, distribution, etc. 1985
300 ## - PHYSICAL DESCRIPTION
Extent 409
942 ## - ADDED ENTRY ELEMENTS (KOHA)
Institution code [OBSOLETE] caenust
Call number prefix 621.75 CHA
Holdings
Withdrawn status Lost status Damaged status Not for loan Collection code Permanent Location Current Location Date acquired Total Checkouts Full call number Barcode Date last seen Price effective from Koha item type
          College of Aeronautical Engineering (CAE) College of Aeronautical Engineering (CAE) 04/03/2017   621.75 CHA CAE63581 04/05/2017 04/05/2017 Book
© 2023 Central Library, National University of Sciences and Technology. All Rights Reserved.